LIBRARY & INFORMATION CENTRE, KCAET, TAVANUR

ONLINE PUBLIC ACCESS CATALOGUE (OPAC)

McGraw Hill dictionary of the life sciences / (Record no. 9193)

MARC details
000 -LEADER
fixed length control field 00451cam a2200169ua 4500
020 ## - INTERNATIONAL STANDARD BOOK NUMBER
ISBN 0-07-045262-8
041 ## - LANGUAGE CODE
Language code of text/sound track or separate title eng
082 ## - DEWEY DECIMAL CLASSIFICATION NUMBER
Classification number 028.7357
Item number LAP/MC
100 ## - MAIN ENTRY--AUTHOR NAME
Personal name Lapedes, Daniel N .
245 00 - TITLE STATEMENT
Title McGraw Hill dictionary of the life sciences /
250 ## - EDITION STATEMENT
Edition statement 1 /
260 ## - PUBLICATION, DISTRIBUTION, ETC. (IMPRINT)
Place of publication New York :
Name of publisher McGraw Hill Book Company ,
Year of publication 1976.
300 ## - PHYSICAL DESCRIPTION
Number of Pages 945 ; .
942 ## - ADDED ENTRY ELEMENTS (KOHA)
Koha item type Books
Holdings
Withdrawn status Lost status Damaged status Home library Current library Date acquired Full call number Accession Number Koha item type
      KAUAET KAUAET 27/03/1987 028.7357 16195 Reference
free website counter